| 000 | 00963cam a2200289 a 4500 | ||
|---|---|---|---|
| 001 | 4298498 | ||
| 003 | ARRUPE | ||
| 005 | 20240709104005.0 | ||
| 008 | 861229s1987 nyu b 001 0 eng | ||
| 010 | _a 86033453 | ||
| 020 |
_a1555460305 (alk. paper) : _c$19.95 |
||
| 040 |
_aDLC _cDLC _dDLC |
||
| 050 | 0 | 0 | _aPR-206-1 |
| 082 | 0 | 0 |
_a822/.912 _219 |
| 100 |
_aShaw, Bernard _937314 |
||
| 245 | 0 | 0 |
_aSaint Joan _c/ Bernard Shaw _bedited and with an introduction by Harold Bloom. |
| 260 |
_aNew York : _bChelsea House Publishers, _c1987. |
||
| 300 |
_avii, 147 p. ; _c24 cm. |
||
| 440 | 0 |
_aModern critical interpretations _937246 |
|
| 500 | _aIncludes index. | ||
| 504 | _aBibliography: p. 139-140. | ||
| 600 | 1 | 0 |
_aShaw, Bernard, _d1856-1950. _tSaint Joan. _937315 |
| 600 | 0 | 0 |
_aJoan, _cof Arc, Saint, _d1412-1431 _xIn literature. _937316 |
| 700 | 1 |
_aBloom, Harold. _937317 |
|
| 906 |
_a7 _bcbc _corignew _d1 _eocip _f19 _gy-gencatlg |
||
| 942 |
_2lcc _cMONOGRAPH |
||
| 999 |
_c127161 _d127161 |
||